00692nam a2200229Ia 4500003000900000008004100009040001300050040001300063041000800076100001500084100000800099245006200107250001000169260001200179260000900191300001200200490001300212490000700225942000700232999001700239952020600256IT-RoPAU120407s9999 xx 000 0 und d aIT-RoPAU cIT-RoPAU afra aBenedictus csan a"La règle de saint Benoìt Comment. hist./crit. index" aParis aDu Cerf c1972 c19,5 cm aS.C.,186 v66 cBK c23138d23138 00102ddc406276_800000000000000_318171aPAULUSbPAULUSd2012-04-11l0o276.8.3181r2012-04-11 00:00:00w2012-04-11yBKzInserito da: Carla In data: 24 ottobre 2011 fondo: Via A.Severo 56 Progr:21177